Statistics for Тест скорости нажатий - 20-секундный спринт

Click here to take the quiz!

General Stats

  • This quiz has been taken 6 999 times
    (6 804 since last reset)
  • The average score is 40 of 120

Answer Stats

нажатиеОтвечать% Correct
12
94%
21
82%
32
76%
41
68%
52
66%
61
64%
72
63%
81
62%
101
61%
92
61%
112
59%
121
58%
132
58%
141
57%
152
57%
161
56%
172
55%
181
54%
192
54%
201
53%
212
52%
221
51%
232
51%
241
50%
252
50%
261
49%
281
48%
272
48%
292
47%
321
46%
301
46%
312
46%
341
45%
332
45%
361
44%
352
44%
381
43%
372
43%
392
42%
401
41%
421
40%
412
40%
432
40%
441
39%
461
38%
452
38%
481
37%
472
37%
501
36%
492
36%
512
35%
521
35%
532
34%
541
33%
552
33%
561
32%
581
31%
572
31%
592
31%
601
30%
621
29%
612
29%
641
28%
632
28%
652
28%
661
27%
681
26%
672
26%
701
25%
692
25%
712
25%
741
24%
721
24%
732
24%
761
23%
752
23%
781
22%
772
22%
801
21%
792
21%
812
21%
821
20%
841
20%
832
20%
852
20%
861
19%
881
19%
872
19%
901
18%
892
18%
941
17%
921
17%
932
17%
912
17%
952
17%
961
16%
981
16%
972
16%
992
16%
1021
15%
1041
15%
1012
15%
1032
15%
1001
15%
1081
14%
1061
14%
1072
14%
1052
14%
1101
13%
1121
13%
1092
13%
1112
13%
1141
12%
1161
12%
1132
12%
1152
12%
1181
11%
1201
11%
1172
11%
1192
11%

Score Distribution

Percentile by Number Answered

Percent of People with Each Score

Your Score History

You have not taken this quiz since the last reset